| 000 | 00740nam a2200205 i 4500 | ||
|---|---|---|---|
| 001 | 141911 | ||
| 003 | ES-MaACL | ||
| 005 | 20230906200410.0 | ||
| 007 | t| | ||
| 008 | 071001s1948 sp ||||1| spa d | ||
| 100 | 1 |
_aViñayo, Antonio. _9115386 |
|
| 245 | 1 | 0 |
_aSan Martín de León y su apologética antijudía / _cAntonio Viñayo ; edición y estudio por... G. Villoslada. |
| 260 |
_aMadrid : _bInstituto Arias Montano de Estudios Hebraicos y Oriente Próximo, _c1948. |
||
| 300 |
_a311 p. : _bil. ; _c24 cm. |
||
| 600 | 1 | 4 |
_aMartín de León _cSanto. _977455 |
| 650 | 4 |
_aJudíos- _zEspaña- _xHistoria. _913985 |
|
| 700 | 1 |
_aVilloslada, G. _9115277 |
|
| 710 | 2 |
_aInstituto "Arias Montano" _94797 |
|
| 852 |
_aES-MaACL _jC-5321 _bR.25534 |
||
| 999 |
_c141911 _d141911 |
||